[Event "AUTO-OPEN-1821"]
[Site "http://www.queenalice.com/game.php?id=707235"]
[Date "2010.1.2"]
[Round "1"]
[White "marysson"]
[Black "bruno089"]
[Result "0-1"]
[WhiteElo "1303"]
[BlackElo "1093"]

1. Nf3 Nc6 2. e4 h5 3. Be2 b6 4. d4 Bb7 5. d5 Na5 6. c4 e6 7. Bd2 Nf6 8. dxe6
dxe6 9. e5 Nd7 10. b3 g5 11. Bxg5 f6 12. Bf4 fxe5 13. Bxe5 Rg8 14. O-O Bg7 15.
h3 Nxe5 16. Nxe5 Bxe5 17. Bxh5+ Ke7 18. Qxd8+ Raxd8 19. Nc3 Bxc3 20. Rad1 Bxg2
21. Rxd8 Kxd8 22. Rd1+ Kc8 23. Bg4 Bxh3 24. Kh2 Bxg4 25. Rd3 Be5+ 26. Kh1 Bf5
27. Rd2 Be4+ 0-1

[Event "AUTO-OPEN-1821"]
[Site "http://www.queenalice.com/game.php?id=707236"]
[Date "2010.1.2"]
[Round "1"]
[White "bruno089"]
[Black "marysson"]
[Result "0-1"]
[WhiteElo "1151"]
[BlackElo "1303"]

1. g4 h5 2. h3 hxg4 3. hxg4 Rxh1 4. Bg2 Rh8 5. b4 e5 6. Bb2 d5 7. Nc3 Bxb4 8.
Nxd5 Be6 9. Nxb4 Ne7 10. Bxe5 f6 11. Bg3 c6 12. d4 b5 13. d5 Bxd5 14. Qd2 Bxg2
15. Rd1 Qxd2+ 16. Rxd2 Kf7 17. e4 Rh1 18. f3 Rxg1+ 19. Kf2 Rb1 20. Nd3 Bh3 21.
e5 f5 22. Re2 fxg4 23. fxg4 Bxg4 24. Re1 Rxe1 25. Kxe1 Ke6 26. Nc5+ Kd5 27. Bf2
Kxe5 28. a4 bxa4 29. Nxa4 Nd7 30. c4 Be6 31. Bg3+ Kd4 32. Bh4 Ng6 33. Bg3 Kxc4
34. Nb2+ Kc3 35. Na4+ Kd3 36. Nb2+ Ke3 37. Nd1+ Kf3 38. Bf2 Bb3 39. Ne3 Re8 40.
Kf1 a5 41. Nf5 Rg8 42. Nh4+ Nxh4 43. Bxh4 g5 44. Be1 a4 45. Bd2 g4 0-1

[Event "Challenge"]
[Site "http://www.queenalice.com/game.php?id=713503"]
[Date "2010.1.14"]
[Round "-"]
[White "rconley23"]
[Black "bruno089"]
[Result "0-1"]
[WhiteElo "1102"]
[BlackElo "1160"]

1. e4 b5 2. Bxb5 c6 3. Bc4 d5 4. exd5 cxd5 5. Bb5+ Bd7 6. Bd3 e5 7. Nf3 e4 8.
Bf1 exf3 9. Qxf3 Be7 10. Nc3 Nf6 11. d4 O-O 12. Bd3 Nc6 13. O-O Re8 14. Nxd5
Nxd5 15. Bc4 Nf6 16. d5 Ne5 17. Qe3 Nfg4 18. Qd4 Bh4 19. d6 Qf6 20. Bf4 Re6 21.
Qd5 Rae8 22. Rae1 Qxf4 23. a4 Qxc4 24. Qd1 Rf6 25. b3 Qf4 26. c3 Qxh2# 0-1

[Event "Challenge"]
[Site "http://www.queenalice.com/game.php?id=714082"]
[Date "2010.1.15"]
[Round "-"]
[White "Mamonas"]
[Black "bruno089"]
[Result "1-0"]
[WhiteElo "1366"]
[BlackElo "1167"]

1. e4 Nf6 2. Qf3 d5 3. d3 Bg4 4. Qf4 h6 5. exd5 Nxd5 6. Qxg4 e6 7. c4 Nf6 8. Qg3
Nc6 9. Bf4 Bd6 10. Qxg7 Rg8 11. Qxh6 e5 12. Bg5 Bf8 13. Bxf6 Rg6 14. Qxg6 fxg6
15. Bxd8 Rxd8 16. Nf3 b5 17. cxb5 Nb4 18. Na3 e4 19. Ne5 exd3 20. Nxg6 d2+ 21.
Kd1 Kf7 22. Nxf8 Kxf8 23. Nc4 Ra8 24. Nxd2 c6 25. bxc6 Nxc6 26. Rc1 Rc8 27. Bb5
a5 28. Bxc6 Rxc6 29. Rxc6 Ke7 30. Re1+ Kd7 31. Ree6 Kd8 32. Rcd6+ Kc7 33. Nc4
1-0

[Event "Partida"]
[Site "http://www.queenalice.com/game.php?id=714126"]
[Date "2010.1.15"]
[Round "-"]
[White "GuiGui1993"]
[Black "bruno089"]
[Result "1-0"]
[WhiteElo "1740"]
[BlackElo "1168"]

1. e4 b6 2. d4 a5 3. Nf3 e6 4. Be2 Nf6 5. Nc3 Be7 6. O-O O-O 7. Nd2 c6 8. f4 Qc7
9. Bd3 d5 10. e5 Nh5 11. Qxh5 f6 12. Qxh7+ Kf7 13. Bg6# 1-0

[Event "AUTO-BEG-375"]
[Site "http://www.queenalice.com/game.php?id=715044"]
[Date "2010.1.16"]
[Round "1"]
[White "toin"]
[Black "bruno089"]
[Result "1-0"]
[WhiteElo "1726"]
[BlackElo "1112"]

1. d4 d6 2. d5 Nf6 3. Bg5 e6 4. dxe6 fxe6 5. e3 h6 6. Bh4 g5 7. Bg3 a6 8. h4 e5
9. hxg5 Bg7 10. gxf6 Qxf6 11. c3 Rf8 12. Qh5+ Rf7 13. Bc4 Be6 14. Bd3 Nc6 15.
Bg6 b5 16. Bxf7+ 1-0

[Event "Challenge"]
[Site "http://www.queenalice.com/game.php?id=715282"]
[Date "2010.1.17"]
[Round "-"]
[White "JDZ"]
[Black "bruno089"]
[Result "1-0"]
[WhiteElo "2259"]
[BlackElo "1178"]

1. e4 e5 2. Nf3 Bd6 3. d4 b6 4. dxe5 Bb4+ 5. c3 Bc5 6. Bc4 d5 7. Bxd5 Be6 8.
Bxa8 Qxd1+ 9. Kxd1 Bxf2 10. Rf1 Bc5 11. Bd5 Bxd5 12. exd5 f6 13. d6 cxd6 14. b4
fxe5 15. bxc5 bxc5 16. Nbd2 h5 17. Nc4 Nf6 18. Nxd6+ Kd7 19. Nxe5+ Ke6 20. Nec4
Rd8 21. Bg5 Rxd6+ 22. Nxd6 Kxd6 23. Bxf6 gxf6 24. Rxf6+ Ke5 25. Rh6 a5 26. Rxh5+
Kd6 27. Rb1 Nc6 28. Kc2 Ne5 29. Rb6+ Kd5 30. Rg6 Ke4 31. Re6 Kd5 32. Rexe5+ Kc4
33. Rxc5# 1-0

[Event "Challenge"]
[Site "http://www.queenalice.com/game.php?id=716935"]
[Date "2010.1.20"]
[Round "-"]
[White "Mestre1985"]
[Black "bruno089"]
[Result "1-0"]
[WhiteElo "1184"]
[BlackElo "1159"]

1. e4 e5 2. Qh5 Nf6 3. Qxe5+ Qe7 4. Qxc7 Qxe4+ 5. Ne2 Qxc2 6. Qxc2 Nc6 7. b3 Nb4
8. Qc7 Be7 9. Qg3 O-O 10. Nd4 b6 11. Nf5 Bc5 12. Nxg7 Kh8 13. Bb2 d6 14. Bxf6
Be6 15. Qf3 a5 16. Qf4 Rg8 17. Nxe6+ 1-0

[Event "Challenge"]
[Site "http://www.queenalice.com/game.php?id=717468"]
[Date "2010.1.21"]
[Round "-"]
[White "xuricat"]
[Black "bruno089"]
[Result "1-0"]
[WhiteElo "1849"]
[BlackElo "1178"]

1. e4 e5 2. Nf3 g6 3. Nxe5 Nf6 4. Nc3 Nc6 5. Nxc6 dxc6 6. Bc4 Be6 7. Bxe6 fxe6
8. d3 Qe7 9. Bg5 h6 10. Be3 Rd8 11. f4 g5 12. fxg5 hxg5 13. Bxg5 Bg7 14. e5 Rh5
15. Bxf6 Bxf6 16. Qxh5+ Qf7 17. Qxf7+ Kxf7 18. exf6 Kxf6 19. O-O-O 1-0

[Event "Challenge"]
[Site "http://www.queenalice.com/game.php?id=717469"]
[Date "2010.1.21"]
[Round "-"]
[White "nico_spfc"]
[Black "bruno089"]
[Result "1-0"]
[WhiteElo "1287"]
[BlackElo "1116"]

1. e4 e5 2. Nf3 f6 3. Bc4 Ne7 4. c3 c6 5. d4 d5 6. Bd3 dxe4 7. Bxe4 f5 8. Bc2 e4
9. Ne5 Nd7 10. Qh5+ g6 11. Nxg6 Nxg6 12. Qxf5 Qf6 13. Qxe4+ Be7 14. h4 1-0

[Event "Challenge"]
[Site "http://www.queenalice.com/game.php?id=717470"]
[Date "2010.1.21"]
[Round "-"]
[White "kinggeorge"]
[Black "bruno089"]
[Result "1-0"]
[WhiteElo "1165"]
[BlackElo "1178"]

1. d4 e6 2. e4 Nf6 3. h4 Nxe4 4. Nc3 Nxc3 5. bxc3 h6 6. g3 g5 7. Nf3 f6 8. g4 f5
9. hxg5 Bg7 10. g6 Qf6 11. g5 hxg5 12. Rg1 Qxg6 13. Ne5 Qh5 14. Be2 g4 15. a4 d6
16. Nc4 d5 17. Na5 Nc6 18. Nb3 e5 19. Qd3 exd4 20. Nd2 a5 21. cxd4 b6 22. c4 1-0